000 00671nam a22002177a 4500
003 UA-OsUOA
001 43092
007 ta
008 20061205b un ||||| |||| 00| 0 ukr d
100 _aМихайлина Д.
090 _a330
_bМ-11
942 _cSA
040 _aUA-OsUOA
_bukr
_cUA-OsUOA
_dUA-OsUOA
245 _aДержава і транснаціональні корпорації в умоваї корпоративного глобалізму
300 _aС.46-51
955 _a0
041 _aukr
080 _a330
773 0 _w43090
_tУкраїна: аспекти праці
_dК.
_d2006
_g7
650 7 _a330 Економіка взагалі
_2UDC
999 _c329223
_d329223